| 000 | 00000nam 2200000za 4500 |
| 001 | 9.699499 |
| 003 | CaOODSP |
| 005 | 20250303104651 |
| 007 | cr ||||||||||| |
| 008 | 150407r19521950xxcao|||o f000 0 eng d |
| 040 | |aCaOODSP|beng |
| 043 | |an-cn---|an-cn-on|an-cn-qu |
| 086 | 1 |aA53-847/1952E-PDF |
| 100 | 1 |aBlair, D. S. |
| 245 | 10|aApple growing in Eastern Canada |h[electronic resource] / |cby D.S. Blair. |
| 260 | |aOttawa : |bDepartment of Agriculture, |c1952. |
| 300 | |a54 p. : |bill. |
| 500 | |a"Reprinted July 1952". |
| 500 | |aHistorical publication digitized by Agriculture and Agri-Food Canada. |
| 504 | |aIncludes bibliographical references. |
| 590 | |a15-01-Supp|b2015-01-26 |
| 690 | 07|aApples|2gcpds |
| 690 | 07|aFruit crops|2gcpds |
| 710 | 1 |aCanada. |bDepartment of Agriculture. |
| 710 | 1 |aCanada. |bExperimental Farms Service. |
| 775 | 08|tLa culture du pommier dans l'Est du Canada / |w(CaOODSP)9.643455 |
| 856 | 40|ahttp://publications.gc.ca|qPDF|s7.5 MB|uhttps://publications.gc.ca/collections/collection_2014/aac-aafc/agrhist/A53-847-1952-eng.pdf |
| 986 | |aPublication 847 |